|
|
|
|
| LEADER |
00705nam a2200229 a 4500 |
| 001 |
000685790 |
| 003 |
CZ BrMZK |
| 005 |
20030904134358.0 |
| 007 |
ta |
| 008 |
030904s1852 xr f cze d |
| 015 |
|
|
|a cnb001272548
|
| 035 |
|
|
|a (OCoLC)85698410
|
| 040 |
|
|
|a BOA001
|b cze
|c BOA001
|
| 100 |
1 |
|
|a Pichl, Josef Bojislav,
|d 1813-1888
|7 jk01093025
|4 aut
|
| 245 |
1 |
0 |
|a Společenský krasořečník český.
|n Díl 1. /
|c Josef Bojislav Pichl
|
| 260 |
|
|
|a Praha :
|b Pospíšil,
|c 1852
|
| 300 |
|
|
|a 235 s.
|
| 910 |
|
|
|a BOA001
|b 1-0263.618,1
|
| 964 |
|
|
|a Bohemika - stol. 19.
|
| 990 |
|
|
|a BK
|
| 993 |
|
|
|a Y
|
| 996 |
6 |
|
|b 2619222122
|c 1-0263.618,1
|l MZK
|r Sklad / do 1 hodiny
|n 10
|w 000685790
|u 000010
|a 1
|e BOA001
|j MZK50
|s P
|